000 00618nam a2200241Ia 4500
008 160803s9999 xx 000 0 und d
020 _a9780439791656
100 _aShannon, David
245 _aAlice the fairy /
245 _cDavid Shannon.
260 _aNew York :
260 _bScholastic Inc.
260 _c2005
300 _a30 unnumbered pages:
300 _bcolor illustrations ;
300 _c29 cm
500 _aOriginally published: New York : Blue Sky Press, c2004.
650 _aFairies --
650 _aImagination --
650 _xFiction.
650 _xFiction.
700 _a510
999 _c298975
_d298975